Playboi Carti Complete the song title - Statistics

General Stats
  • This quiz has been taken 175 times
  • The average score is 19 of 21
Answer Stats
Hint Answer % Correct
Playboi Carti (2017) wokeuplike{this}*
100%
Die Lit (2018) {Long} Time (intro)
98%
MUSIC- SORRY 4 DaWait (2025) EVIL {J0RDAN}
97%
Whole Lotta Red (2020) Go2Da{Moon}
97%
MUSIC- SORRY 4 DaWait (2025) RATHER {LIE}
97%
MUSIC- SORRY 4 DaWait (2025) CHARGE DEM HOES {A} {FEE}
96%
Die Lit (2018) {Fell} in Luv
96%
Whole Lotta Red (2020) Rockstar {Made}
96%
MUSIC- SORRY 4 DaWait (2025) SOUTH {ATLANTA} BABY
92%
Whole Lotta Red (2020) King {Vamp}
91%
Die Lit (2018) Lean 4 {Real}
91%
single {All} Red
90%
Die Lit (2018) FlatBed {Freestyle}
90%
Whole Lotta Red (2020) {New} N3on
90%
Whole Lotta Red (2020) {Punk} Monk
89%
Whole Lotta Red (2020) F33l Lik3 {Dyin}
87%
Playboi Carti (2017) Kelly {K}
87%
MUSIC- SORRY 4 DaWait (2025) WAKE UP {F1LTHY}
87%
MUSIC- SORRY 4 DaWait (2025) {WE} {NEED} ALL DA VIBES
85%
Playboi Carti (2017) New {Choppa}
82%
Die Lit (2018) Middle of the {Summer}
78%
No matching quizzes found
Score Distribution
Percent of People with Each Score
Percentile by Number Answered
Your Score History
You have not taken this quiz